header

The sword and the crucible (Record no. 94808)

MARC details
000 -LEADER
fixed length control field 01349nam a2200337Ia 4500
082 04 - DEWEY DECIMAL CLASSIFICATION NUMBER
Classification number 623.4/41
100 1# - MAIN ENTRY--AUTHOR NAME
Personal name Williams, Alan
245 14 - TITLE STATEMENT
Title The sword and the crucible
260 ## - PUBLICATION, DISTRIBUTION, ETC. (IMPRINT)
Place of publication Leiden ;
-- Boston :
Name of publisher Brill,
Year of publication 2012.
300 ## - PHYSICAL DESCRIPTION
Number of Pages viii, 292 p.
490 1# - SERIES STATEMENT
Series statement History of warfare,
650 #0 - SUBJECT ADDED ENTRY--TOPICAL TERM
Topical Term Metallurgy
Topical Term Swords
856 40 - ELECTRONIC LOCATION AND ACCESS
Uniform Resource Identifier http://site.ebrary.com/lib/rucke/Doc?id=10562406

No items available.

© 2026 Rongo University
Contact us: librarian | system librarian | Rongo university